KMŚ 2025 - Statystyki

Ogólne statystyki
  • Ten quiz został rozwiązany 18 razy
  • Średni wynik to 16 z 32
Statystyki odpowiedzi
Odpowiedź % Poprawnych
PSG
85%
Real Madryt
85%
Atletico Madrid
77%
Inter Mediolan
77%
Manchester City
77%
Al Hilal
69%
Bayern Monachium
69%
Botafogo
69%
Palmeiras
69%
Porto
69%
RB Salzburg
69%
Al Ahly
62%
Inter Miami
62%
Juventus
62%
Borussia Dortmund
54%
Pachuca
54%
Benfica
46%
Chelsea
46%
Flamengo
46%
Seattle Sounders
46%
Wydad
46%
Boca Juniors
38%
River Plate
38%
Al Ain
31%
Urawa
31%
Auckland City
23%
Fluminese
23%
Los Angeles FC
23%
Mamelodi
23%
Esperance Tunis
15%
Monterrey
15%
Ulsan HD
15%
Nie znaleziono quizów pasujących do podanych kryteriów
Rozkład punktacji
Procent ludzi z każdym wynikiem
Percentyl według liczby udzielonych odpowiedzi
Twoja historia wyników
Nie rozwiązałeś tego quizu